000 00552cam a2200193 4500
001 B1407
008 090401t1981 xxu||||| |||| 00| 0 eng d
035 _a(Sirsi) u44275
041 _aeng
050 _a332.6324
110 _aEdward Erdman
_92048
245 _aProperty investment review. - November/December 1977 - September 1981
260 _aLondon
_bEdward Erdman
_c1977-1981
300 _a37 parts in 1v. ; 30cm.
350 _a0
520 _aNovember/December 1977 entitled Property Investment Report.
942 _n0
948 _c04/03/1997
999 _c91474
_d91474